000 00671cab a2200265 4500
001 WB2701-50
008 090401t1991 xxu||||| |||| 00| 0 eng d
035 _a(Sirsi) u65204
041 _aeng
245 _aGolf survey
260 _c1991
350 _a0
490 _aTimes
_v3/1/91 p12 (2)
520 _aReports on the findings of a study by the Sports Council on golf course development .
650 _aALTERNATIVE ENTERPRISES
650 _aCOUNTRYSIDE
650 _aDIVERSIFICATION
650 _aFARMERS
650 _aLEISURE
650 _aRURAL AREAS
650 _aSPORTS
690 _aLEISURE AND RECREATION
942 _n0
948 _c04/03/1997
999 _c40655
_d40655